000 00440nam a2200181Ia 4500
008 230711s9999||||xx |||||||||||||| ||und||
020 _a978-81-224-3354-8
041 _aENG
082 _a530.13
_bAG-S
100 _aAgarwal,B.K
245 0 _aStatistical mechanics
250 _a3rd . Ed.
260 _c2013
_aNew Delhi
_bNew Age International Publishers
300 _a280
650 _aPhysics
700 _aMelvin,Eisner
942 _cBK
999 _c5014
_d5014